000 00720nam a2200169 i 4500
001 77440
003 ES-MaACL
005 20230906173217.0
007 t|
008 041008s1926 sp ||||1| spa d
100 1 _aGutiérrez-Solana, Valentín.
_961226
245 1 0 _aIncomprensión del problema hispano americano
_b: ligeros botones de fuego : discurso del día 12 de marzo de 1926 en la R. Soc. Econª de Amigos del País /
_cValentín Gutiérrez Solana.
260 _aMadrid :
_b[s.n.,
_c1926] (
_fAsilo de Huérfanos del S.C. de Jesús)
300 _a33 p. ;
_c24 cm.
710 2 _aReal Sociedad Económica Matritense de Amigos del País.
_96389
852 _aES-MaACL
_j1696-F-20
_z.- Dedicatoria autógrafa del autor
999 _c77440
_d77440